[Event "AUTO-INT-1902"]
[Site "http://www.queenalice.com/game.php?id=873598"]
[Date "2010.12.18"]
[Round "1"]
[White "joaohumberto"]
[Black "franckygauth"]
[Result "0-1"]
[WhiteElo "1566"]
[BlackElo "1605"]

1. d4 d5 2. Nc3 e6 3. e3 Bd7 4. g3 Be7 5. Nf3 Nf6 6. Ne5 Nc6 7. Nxc6 Bxc6 8. Nb5
Qd7 9. Bd2 Bxb5 10. Bxb5 Qxb5 11. b3 Ne4 12. a4 Qc6 13. O-O Nc3 14. Qe1 Ne4 15.
f3 Nxd2 16. Qxd2 a5 17. Rfe1 O-O 18. e4 dxe4 19. fxe4 Rfd8 20. c3 Qb6 21. Rab1
c5 22. Rf1 cxd4 23. Qf2 f6 24. cxd4 e5 25. dxe5 Bc5 26. Kg2 Bxf2 27. Rxf2 fxe5
28. Rf5 Rd2+ 29. Kh3 Qe6 30. g4 Qh6+ 0-1

[Event "AUTO-INT-1903"]
[Site "http://www.queenalice.com/game.php?id=874360"]
[Date "2010.12.20"]
[Round "1"]
[White "ReidoBaralho"]
[Black "joaohumberto"]
[Result "1-0"]
[WhiteElo "1589"]
[BlackElo "1534"]

1. e4 e5 2. Qh5 d6 3. Bc4 Be6 4. Bxe6 g6 5. Qf3 fxe6 6. Nh3 Qf6 7. Qb3 b6 8. d3
Bh6 9. Bxh6 Nxh6 10. Qc4 c5 11. Qb5+ Nd7 12. O-O Qd8 13. Ng5 Qxg5 14. Qc6 Qd8
15. Qxd6 Nf8 16. Qxe5 Rg8 17. Nc3 Qd7 18. Nd5 Ng4 19. Qg5 e5 20. f3 h6 21. Qh4
g5 22. Qg3 Rg6 23. fxg4 O-O-O 24. Qxe5 Re8 25. Qc3 Ne6 26. Rf5 Nd4 27. Nf6 Ne2+
28. Kf2 Nxc3 29. Nxe8 Qxe8 30. bxc3 Qh8 31. e5 Re6 32. d4 Qd8 33. a4 1-0

[Event "AUTO-INT-1903"]
[Site "http://www.queenalice.com/game.php?id=874361"]
[Date "2010.12.20"]
[Round "1"]
[White "joaohumberto"]
[Black "ReidoBaralho"]
[Result "1-0"]
[WhiteElo "1558"]
[BlackElo "1593"]

1. d4 d5 2. Nf3 Bg4 3. g3 h6 4. Bg2 Bxf3 5. exf3 c6 6. O-O Nf6 7. b3 Na6 8. Bf4
Nb4 9. a3 Qa5 10. Bd2 e6 11. Nc3 Bd6 12. axb4 Qc7 13. b5 c5 14. dxc5 Bxc5 15.
Bf4 O-O 16. Bxc7 Rac8 17. Be5 Nd7 18. Bf4 Bb4 19. Na2 Bc3 20. Nxc3 Rxc3 21. Rxa7
Nc5 22. Bd2 g5 23. Bxc3 f6 24. Bb4 b6 25. Bxc5 bxc5 26. b6 e5 27. Qxd5+ Kh8 28.
Qxc5 Rg8 29. Qc7 Rg7 30. Qxg7# 1-0

[Event "AUTO-INT-1903"]
[Site "http://www.queenalice.com/game.php?id=874372"]
[Date "2010.12.20"]
[Round "1"]
[White "LeandroSouza"]
[Black "joaohumberto"]
[Result "1-0"]
[WhiteElo "1731"]
[BlackElo "1516"]

1. e4 e5 2. Nf3 d6 3. Bc4 Be6 4. Bb5+ c6 5. Be2 Nf6 6. d4 exd4 7. Qxd4 c5 8. Qd3
Nc6 9. Qb5 Rb8 10. e5 Bd7 11. exf6 gxf6 12. O-O Bg7 13. c3 Ne5 14. Qb3 O-O 15.
Nxe5 fxe5 16. c4 Bc6 17. Qg3 Qf6 18. Bg5 Qg6 19. Nc3 Rbe8 20. Rfd1 e4 21. Rxd6
Qf5 22. Bh6 Qe5 23. Qxe5 Bxe5 24. Bxf8 Bxd6 25. Bxd6 e3 26. Bxc5 exf2+ 27. Bxf2
Rd8 28. b3 Rd6 29. Bxa7 Rg6 30. Nd5 Re6 31. Nf4 Rf6 32. Be3 Rf5 33. Bf3 1-0

[Event "AUTO-INT-1903"]
[Site "http://www.queenalice.com/game.php?id=874373"]
[Date "2010.12.20"]
[Round "1"]
[White "joaohumberto"]
[Black "LeandroSouza"]
[Result "0-1"]
[WhiteElo "1509"]
[BlackElo "1738"]

1. d4 d5 2. Nf3 f6 3. e3 Nh6 4. g3 Bg4 5. Be2 Bd7 6. O-O Bh3 7. Re1 e6 8. Bf1
Bg4 9. Nbd2 Nc6 10. Bg2 Bd6 11. e4 Bxf3 12. Bxf3 Nxd4 13. exd5 e5 14. g4 Qd7 15.
c3 Nxf3+ 16. Nxf3 Qxg4+ 17. Kf1 e4 18. Nd4 Qh3+ 19. Ke2 Qxh2 20. Rh1 Qg2 21. Qg1
Qxg1 22. Rxg1 Bf8 23. Nb5 Bd6 24. Rxg7 Nf5 25. Rxc7 Bxc7 26. Nxc7+ Kd7 27. Nxa8
Rxa8 28. Bf4 h5 29. Rh1 h4 30. a4 Rd8 31. Rh3 Ke7 32. c4 Nd6 33. Bxd6+ Rxd6 0-1

[Event "AUTO-INT-1903"]
[Site "http://www.queenalice.com/game.php?id=874380"]
[Date "2010.12.20"]
[Round "1"]
[White "joaohumberto"]
[Black "SunKite"]
[Result "1-0"]
[WhiteElo "1572"]
[BlackElo "1548"]

1. d4 e6 2. e3 Qf6 3. Nf3 g5 4. Nc3 c6 5. e4 g4 6. Ne5 h5 7. Be3 d6 8. Nc4 b5 9.
Nxd6+ Bxd6 10. e5 Bxe5 11. dxe5 Qxe5 12. Bd3 f5 13. Qd2 Nf6 14. O-O-O b4 15. Ne2
a5 16. Bd4 Qd5 17. Bxf6 Rg8 18. b3 Kf7 19. Qh6 Nd7 20. Qxh5+ Kxf6 21. Nf4 Qd6
22. Qh6+ Kf7 23. Qh7+ Rg7 24. Qh6 Bb7 25. Bxf5 Re8 26. Rxd6 Nc5 27. Bxe6+ Kf8
28. Qf6+ Rf7 29. Qxf7# 1-0

[Event "AUTO-INT-1903"]
[Site "http://www.queenalice.com/game.php?id=874381"]
[Date "2010.12.20"]
[Round "1"]
[White "SunKite"]
[Black "joaohumberto"]
[Result "0-1"]
[WhiteElo "1554"]
[BlackElo "1573"]

1. d4 d5 2. e3 Nf6 3. Qf3 Bg4 4. Qf4 Nc6 5. h3 Bf5 6. Qxf5 e6 7. Qf4 Bd6 8. Qg5
Ne4 9. Qxg7 Bf8 10. Qg4 Be7 11. f3 Nf6 12. Qg3 Rg8 13. Qf2 Nb4 14. a3 Nc6 15. b4
a6 16. g4 Qd7 17. Bd3 O-O-O 18. g5 Rxg5 19. h4 Rh5 20. b5 axb5 21. Nh3 Ng8 22.
Bxb5 Bxh4 23. a4 Bxf2+ 24. Kxf2 Nf6 25. a5 Qd6 26. a6 Rg8 27. Nc3 Qg3+ 28. Ke2
Qg2+ 29. Nf2 Rxh1 30. Bb2 Rxa1 31. Bxa1 bxa6 32. Bxc6 Nh5 33. Nd1 Ng3+ 34. Kd3
Qxf3 35. Bc3 Qe2# 0-1

[Event "AUTO-OPEN-2202"]
[Site "http://www.queenalice.com/game.php?id=874561"]
[Date "2010.12.21"]
[Round "1"]
[White "Constante"]
[Black "joaohumberto"]
[Result "1-0"]
[WhiteElo "2027"]
[BlackElo "1615"]

1. e4 e5 2. Nf3 Nc6 3. d4 exd4 4. Nxd4 Nxd4 5. Qxd4 d6 6. Nc3 f6 7. Bb5+ Bd7 8.
Bf4 a6 9. Bxd7+ Qxd7 10. O-O-O O-O-O 11. Qa7 c6 12. Na4 b5 13. Nb6# 1-0

[Event "AUTO-OPEN-2202"]
[Site "http://www.queenalice.com/game.php?id=874562"]
[Date "2010.12.21"]
[Round "1"]
[White "joaohumberto"]
[Black "Constante"]
[Result "0-1"]
[WhiteElo "1574"]
[BlackElo "2186"]

1. d4 Nf6 2. e3 e6 3. g3 Nc6 4. Bg2 d5 5. Nc3 Bb4 6. a3 Ba5 7. Nf3 Ne4 8. O-O
Nxc3 9. bxc3 Bxc3 10. Rb1 b6 11. Rb3 Ba5 12. Ne5 Nxe5 13. dxe5 Ba6 14. f4 Bxf1
15. Qxf1 O-O 16. c3 c5 17. Rb2 Bxc3 18. Rb3 Ba5 19. Bb2 Qc7 20. Qe1 Bxe1 21. Kf1
Ba5 22. Kf2 c4 23. Rb5 a6 24. Rxa5 bxa5 25. e4 Qb6+ 26. Kf1 Qxb2 27. exd5 Rad8
28. h4 c3 29. Be4 c2 30. Kg2 c1=Q+ 31. Kh3 Qf1+ 32. Kg4 Qbe2+ 33. Kg5 h6# 0-1

[Event "AUTO-OPEN-2202"]
[Site "http://www.queenalice.com/game.php?id=874589"]
[Date "2010.12.21"]
[Round "1"]
[White "joaohumberto"]
[Black "Said"]
[Result "0-1"]
[WhiteElo "1554"]
[BlackElo "1928"]

1. d4 d5 2. Nf3 c5 3. c3 Nf6 4. Ne5 Nc6 5. e3 Bf5 6. Nd2 cxd4 7. exd4 Nxe5 8.
dxe5 Ne4 9. Bb5+ Bd7 10. Bxd7+ Qxd7 11. O-O Qf5 12. Nf3 e6 13. Nd4 Qxe5 14. Nb5
a6 15. f4 Qb8 16. Nd4 Bd6 17. Nf3 Qa7+ 18. Nd4 O-O 19. Qg4 Nf6 20. f5 Nxg4 21.
Bf4 e5 22. Kh1 exf4 23. a4 Ne3 24. Rfe1 Qxd4 0-1

[Event "AUTO-OPEN-2202"]
[Site "http://www.queenalice.com/game.php?id=874590"]
[Date "2010.12.21"]
[Round "1"]
[White "Said"]
[Black "joaohumberto"]
[Result "1-0"]
[WhiteElo "1930"]
[BlackElo "1552"]

1. d4 d5 2. c4 dxc4 3. e4 Nc6 4. d5 Ne5 5. f4 Nd3+ 6. Bxd3 cxd3 7. Qxd3 c6 8.
Be3 g6 9. Bd4 f6 10. Nc3 Bg7 11. Nf3 Nh6 12. O-O Qc7 13. b4 O-O 14. Rac1 Qxf4
15. Ne2 Qg4 16. dxc6 bxc6 17. Rxc6 Bb7 18. h3 Qd7 19. Qc4+ Nf7 20. Rc7 Rac8 21.
Rxd7 Rxc4 22. Rxb7 a6 23. Rxe7 Rxb4 24. Nf4 1-0

[Event "Desafio 17/01/2011"]
[Site "http://www.queenalice.com/game.php?id=887466"]
[Date "2011.1.17"]
[Round "-"]
[White "joaohumberto"]
[Black "Leo_cx"]
[Result "0-1"]
[WhiteElo "1546"]
[BlackElo "1642"]

1. d4 d5 2. g3 e6 3. Bg2 c6 4. Nf3 f6 5. O-O Bd6 6. a3 b5 7. b4 f5 8. Bg5 Be7 9.
Bxe7 Qxe7 10. Ne5 g6 11. Nc3 Nf6 12. h3 h5 13. Nxg6 Qg7 14. Nxh8 Qxh8 15. f3 h4
16. g4 fxg4 17. fxg4 Nbd7 18. a4 Ba6 19. a5 O-O-O 20. e3 Qh6 21. Qd2 Qg7 22. Qe1
Qg5 23. e4 Qg6 24. Qxh4 Ng8 25. Rf2 Qh6 26. Qg3 Qg5 27. Qd6 Bb7 0-1

[Event "Desafio 21/01/2011"]
[Site "http://www.queenalice.com/game.php?id=889474"]
[Date "2011.1.22"]
[Round "-"]
[White "Leo_cx"]
[Black "joaohumberto"]
[Result "1-0"]
[WhiteElo "1705"]
[BlackElo "1566"]

1. e3 e5 2. Qh5 Nc6 3. Bc4 g6 4. Qf3 f6 5. Bxg8 Rxg8 6. Qd5 Ne7 7. Qd3 b6 8. Qe4
c6 9. b4 Bb7 10. c3 Rb8 11. d4 c5 12. Qh4 h5 13. Qxf6 Nf5 14. Qxe5+ Be7 15. e4
Nd6 16. dxc5 1-0

[Event "Challenge"]
[Site "http://www.queenalice.com/game.php?id=893122"]
[Date "2011.1.30"]
[Round "-"]
[White "JD"]
[Black "joaohumberto"]
[Result "1-0"]
[WhiteElo "1562"]
[BlackElo "1604"]

1. Nf3 d5 2. Nc3 c6 3. e4 dxe4 4. Nxe4 Nd7 5. c3 Qc7 6. Qb3 Qf4 7. Nfg5 Ne5 8.
d4 Qf5 9. dxe5 Be6 10. Bc4 Qxe5 11. Bxe6 fxe6 12. Qxe6 Qxe6 13. Nxe6 Nf6 14.
Nc7+ Kd7 15. Nxa8 Nxe4 16. Bf4 1-0

[Event "Invitation"]
[Site "http://www.queenalice.com/game.php?id=901131"]
[Date "2011.2.16"]
[Round "-"]
[White "luizpessoa"]
[Black "joaohumberto"]
[Result "1-0"]
[WhiteElo "1763"]
[BlackElo "1469"]

1. e4 e5 2. Nf3 Nc6 3. Bb5 a6 4. Bc4 d6 5. d3 Be6 6. Bxe6 fxe6 7. Nc3 Be7 8. h3
Qd7 9. Be3 O-O-O 10. a3 Nf6 11. Qe2 h6 12. O-O g5 13. d4 g4 14. hxg4 Nxg4 15.
Nxe5 dxe5 16. Rad1 Nxe3 17. fxe3 exd4 18. exd4 Nxd4 19. Qe3 Bc5 20. Qh3 Nxc2+
21. Kh1 Qc6 22. Rxd8+ Kxd8 23. Qh4+ Be7 24. Qg4 Ne3 25. Qg7 Qe8 26. Qd4+ Qd7 27.
Qxh8+ Qe8 28. Qd4+ Kc8 29. Qxe3 Qh5+ 30. Qh3 Qg5 31. Qxe6+ Kb8 32. Nd5 Qh5+ 33.
Qh3 Qe5 34. Nxe7 Qxe7 35. Qf3 1-0

[Event "Invitation"]
[Site "http://www.queenalice.com/game.php?id=901132"]
[Date "2011.2.16"]
[Round "-"]
[White "luizpessoa"]
[Black "joaohumberto"]
[Result "1-0"]
[WhiteElo "1709"]
[BlackElo "1476"]

1. e4 e5 2. Nf3 Nc6 3. Bc4 h6 4. Bd5 Nd4 5. Nxe5 Qe7 6. Nf3 Nxf3+ 7. Qxf3 Nf6 8.
O-O c6 9. Bc4 d5 10. exd5 cxd5 11. Bb5+ Bd7 12. Bxd7+ Qxd7 13. Re1+ Be7 14. d4
O-O 15. a3 Rae8 16. Qg3 Bd6 17. Qc3 Re6 18. Rxe6 Qxe6 19. Be3 Ne4 20. Qe1 Rc8
21. Nc3 Bb8 22. f3 Nxc3 23. bxc3 Rxc3 24. Qxc3 Qd6 25. g3 1-0

[Event "Invitation"]
[Site "http://www.queenalice.com/game.php?id=901134"]
[Date "2011.2.16"]
[Round "-"]
[White "joaohumberto"]
[Black "luizpessoa"]
[Result "0-1"]
[WhiteElo "1520"]
[BlackElo "1813"]

1. d4 d5 2. Nf3 Bf5 3. e3 e6 4. Bd3 Bg4 5. O-O a6 6. Qe1 Bxf3 7. gxf3 h6 8. e4
Nc6 9. exd5 Qxd5 10. Qe4 Qxe4 0-1